<?xml version="1.0" encoding="UTF-8"?>
<record
    xmlns:xsi="http://www.w3.org/2001/XMLSchema-instance"
    xsi:schemaLocation="http://www.loc.gov/MARC21/slim http://www.loc.gov/standards/marcxml/schema/MARC21slim.xsd"
    xmlns="http://www.loc.gov/MARC21/slim">

  <leader>01082nam0a2200301 i 4500</leader>
  <controlfield tag="001">RU\NLR\BIBL_A\010923357</controlfield>
  <controlfield tag="005">20260405084529.0</controlfield>
  <datafield tag="010" ind1=" " ind2=" ">
    <subfield code="a">9785946240475</subfield>
    <subfield code="9">1000</subfield>
  </datafield>
  <datafield tag="021" ind1=" " ind2=" ">
    <subfield code="a">RU</subfield>
    <subfield code="b">2015-92323</subfield>
    <subfield code="9">5693</subfield>
  </datafield>
  <datafield tag="035" ind1=" " ind2=" ">
    <subfield code="a">(NLR Aleph) 010923357</subfield>
  </datafield>
  <datafield tag="090" ind1=" " ind2=" ">
    <subfield code="a">10687530</subfield>
    <subfield code="c">10687530</subfield>
  </datafield>
  <datafield tag="100" ind1=" " ind2=" ">
    <subfield code="a">20151210d2015    k  y0rusy50      ca</subfield>
  </datafield>
  <datafield tag="101" ind1="0" ind2=" ">
    <subfield code="a">rus</subfield>
  </datafield>
  <datafield tag="102" ind1=" " ind2=" ">
    <subfield code="a">RU</subfield>
  </datafield>
  <datafield tag="105" ind1=" " ind2=" ">
    <subfield code="a">ab  z|||000yy</subfield>
  </datafield>
  <datafield tag="200" ind1="1" ind2=" ">
    <subfield code="a">&#x412;&#x43E;&#x437;&#x43D;&#x438;&#x43A;&#x43D;&#x43E;&#x432;&#x435;&#x43D;&#x438;&#x435; &#x43C;&#x43E;&#x437;&#x433;&#x430; &#x447;&#x435;&#x43B;&#x43E;&#x432;&#x435;&#x43A;&#x430;</subfield>
    <subfield code="f">&#x421;. &#x412;. &#x421;&#x430;&#x432;&#x435;&#x43B;&#x44C;&#x435;&#x432;</subfield>
  </datafield>
  <datafield tag="205" ind1=" " ind2=" ">
    <subfield code="a">2-&#x435; &#x438;&#x437;&#x434;., &#x441;&#x442;&#x435;&#x440;.</subfield>
  </datafield>
  <datafield tag="210" ind1=" " ind2=" ">
    <subfield code="a">&#x41C;&#x43E;&#x441;&#x43A;&#x432;&#x430;</subfield>
    <subfield code="c">&#x412;&#x415;&#x414;&#x418;</subfield>
    <subfield code="d">2015</subfield>
  </datafield>
  <datafield tag="215" ind1=" " ind2=" ">
    <subfield code="a">323 &#x441;.</subfield>
    <subfield code="c">&#x446;&#x432;. &#x438;&#x43B;., &#x43A;&#x430;&#x440;&#x442;.</subfield>
    <subfield code="d">22</subfield>
  </datafield>
  <datafield tag="320" ind1=" " ind2=" ">
    <subfield code="a">&#x411;&#x438;&#x431;&#x43B;&#x438;&#x43E;&#x433;&#x440;.: &#x441;. 310-323</subfield>
  </datafield>
  <datafield tag="606" ind1=" " ind2=" ">
    <subfield code="a">&#x413;&#x43E;&#x43B;&#x43E;&#x432;&#x43D;&#x43E;&#x439; &#x43C;&#x43E;&#x437;&#x433;</subfield>
    <subfield code="x">&#x42D;&#x432;&#x43E;&#x43B;&#x44E;&#x446;&#x438;&#x44F;</subfield>
    <subfield code="9">1046806</subfield>
    <subfield code="3">RU\NLR\AUTH\66404060</subfield>
  </datafield>
  <datafield tag="686" ind1="1" ind2=" ">
    <subfield code="a">&#x415;864.417.7</subfield>
  </datafield>
  <datafield tag="686" ind1="1" ind2=" ">
    <subfield code="a">&#x415;763.917</subfield>
  </datafield>
  <datafield tag="700" ind1=" " ind2="1">
    <subfield code="4">070</subfield>
    <subfield code="8">rus</subfield>
    <subfield code="7">ca</subfield>
    <subfield code="a">&#x421;&#x430;&#x432;&#x435;&#x43B;&#x44C;&#x435;&#x432;</subfield>
    <subfield code="b">&#x421;. &#x412;.</subfield>
    <subfield code="c">&#x434;-&#x440; &#x431;&#x438;&#x43E;&#x43B;. &#x43D;&#x430;&#x443;&#x43A;, &#x444;&#x43E;&#x442;&#x43E;&#x433;&#x440;&#x430;&#x444;</subfield>
    <subfield code="f">1959-</subfield>
    <subfield code="g">&#x421;&#x435;&#x440;&#x433;&#x435;&#x439; &#x412;&#x44F;&#x447;&#x435;&#x441;&#x43B;&#x430;&#x432;&#x43E;&#x432;&#x438;&#x447;</subfield>
    <subfield code="3">RU\NLR\AUTH\7730746</subfield>
    <subfield code="9">13764</subfield>
  </datafield>
  <datafield tag="942" ind1=" " ind2=" ">
    <subfield code="c">BOOK</subfield>
  </datafield>
  <datafield tag="980" ind1=" " ind2=" ">
    <subfield code="a">NBR</subfield>
  </datafield>
</record>
